|
|
|
|
| LEADER |
00710naa a2200193 i 4500 |
| 001 |
acta60917 |
| 005 |
20260224081030.0 |
| 008 |
190902s2013 hu o 100 hun d |
| 040 |
|
|
|a SZTE Egyetemi Kiadványok Repozitórium
|b hun
|
| 041 |
|
|
|a hun
|
| 100 |
1 |
|
|a Fejes József Balázs
|
| 245 |
1 |
0 |
|a Dear Colleagues - köszöntő
|h [elektronikus dokumentum] /
|c Fejes József Balázs
|
| 260 |
|
|
|c 2013
|
| 300 |
|
|
|a 6-7
|
| 490 |
0 |
|
|a Pedagógiai Értékelési Konferencia
|v 11
|
| 695 |
|
|
|a Pedagógia - konferencia - előszó
|
| 700 |
0 |
1 |
|a Józsa Krisztián
|e aut
|
| 710 |
|
|
|a Pedagógiai Értékelési Konferencia (11.) (2013) (Szeged)
|
| 856 |
4 |
0 |
|u http://acta.bibl.u-szeged.hu/60917/3/pek_2013_006-007.pdf
|z Dokumentum-elérés
|